000 00664nam a2200193Ia 4500
005 20250508163252.0
008 008 250505s9999 xx 000 0 eng d
037 _aDissertations
040 _aFEDL
_beng
_cFEDL
041 _aeng
_2eng
084 _a370.954, DUB/DI
_qFEDL
100 _aDubey Ramjee
_9775009
245 0 _aAppraisal of the national goals laid down in kothari commission (1964-66) from the point of view of the attainment of socialistic pattern of society in India
260 _c1986
300 _aii,101p.
546 _aM. Ed. Dissertation (Delhi University
942 _cDIS
_h370.954, DUB/DI
999 _c1381912
_d1381912